000 00254nam a2200109Ia 4500
008 220204s9999 xx 000 0 und d
082 _a82-3
_bGRE
100 _aGreene, Graham
245 4 _aThe Human factor
260 _aNew York
_bAvon
_c1978
942 _cBK
999 _c33483
_d33483